000 00673nam a22001817a 4500
020 _qHard Cover.
082 _a004
100 _aSyed Junaid Ul Haque, Muhammad Awais, Muhammad Abdullah Butt Shehryar Shoukat
245 _aPatient Assistant Bot /
_cSyed Junaid Ul Haque, Muhammad Awais, Muhammad Abdullah Butt Shehryar Shoukat.
260 _aIslamabad :
_bSEECS - NUST,
300 _a41 p. : ill. ;
_c320cm.
563 _ahbk
650 _aComputer Science-Project Report.
700 _aDr. Awais Mehmood Kamboh.
_919312
856 _uhttp://10.250.8.41:8080/xmlui/handle/123456789/19581
942 _2ddc
_cPR
999 _c536202
_d536202